<?xml version="1.0" encoding="UTF-8"?>
<collection xmlns="http://www.loc.gov/MARC21/slim">
  <record>
    <leader>00000nam  2200000   4500</leader>
    <controlfield tag="001">INLIS000000000015993</controlfield>
    <controlfield tag="005">20231012102023</controlfield>
    <datafield tag="035" ind1="#" ind2="#">
      <subfield code="a">0010-1023000075</subfield>
    </datafield>
    <controlfield tag="007">ta</controlfield>
    <controlfield tag="008">231012################g##########0#ind##</controlfield>
    <datafield tag="020" ind1="#" ind2="#">
      <subfield code="a">978-602-422-322-9</subfield>
    </datafield>
    <datafield tag="082" ind1="#" ind2="#">
      <subfield code="a">303.34</subfield>
    </datafield>
    <datafield tag="084" ind1="#" ind2="#">
      <subfield code="a">303.34 SYA p</subfield>
    </datafield>
    <datafield tag="100" ind1=" " ind2="#">
      <subfield code="a">Syaiful Sagala</subfield>
    </datafield>
    <datafield tag="245" ind1="1" ind2="#">
      <subfield code="a">Pendekatan dan Model Kepemimpinan /</subfield>
      <subfield code="c">Syaiful Sagala</subfield>
    </datafield>
    <datafield tag="250" ind1="#" ind2="#">
      <subfield code="a">1</subfield>
    </datafield>
    <datafield tag="260" ind1="#" ind2="#">
      <subfield code="a">Jakarta :</subfield>
      <subfield code="b">Prenadamedia Group,</subfield>
      <subfield code="c">2018</subfield>
    </datafield>
    <datafield tag="300" ind1="#" ind2="#">
      <subfield code="a">xviii, 438 hal. ;</subfield>
      <subfield code="c">23 cm</subfield>
    </datafield>
    <datafield tag="650" ind1="#" ind2="4">
      <subfield code="a">Kepemimpinan</subfield>
    </datafield>
    <datafield tag="520" ind1="#" ind2="#">
      <subfield code="a">Buku Pendekatan dan Model Kepemimpinan ini merupakan hasil studi dan kajian yang dilakukan penulis, yyaitu : 1) Mengkaji mengenai konsep dan teori kepemimpinan; 2) Penelitian kepemimpinan yang monumental telah dilakukan pakar kepemimpinan; 3) Model dan gaya kepemimpinan ; 4) Kepemimpinan berbasis teori X,Y,Z; 5) Pendekatan pemimpin yang efektif; 6) Kepemimpinan karismatik; 7) kepemimpinan transformasional dan transaksional; 8) Etika dan moral kepemimpinan; 9) Pemimpinan berorientasi pelayanan publik; 10) Menumbuhkembangkan kepemimpinan wirausaha; 11) Pemimpin dan manajer dalam organisasi; serta 12) Kepemimpinan visioner.</subfield>
    </datafield>
    <datafield tag="856" ind1="#" ind2="#">
      <subfield code="a">Perpustakaan LAN Pusat</subfield>
    </datafield>
    <datafield tag="990" ind1="#" ind2="#">
      <subfield code="a">220619692</subfield>
    </datafield>
    <datafield tag="990" ind1="#" ind2="#">
      <subfield code="a">220919771</subfield>
    </datafield>
  </record>
</collection>
